000 00699nam a2200277Ia 4500
001 9689
005 20240113234223.0
007 ta
008 050727s1955 a g b000 u asm u
020 _cHB
040 _aCotton College,Assam
041 _aasm
082 _a920
_bSa 13 J
100 _aSabha , Sabita .
245 0 _aJibani-Mala (Pratham Khanda) /
_cSabita Sabha.
_hTextual Documents
250 _a1st ed. /
260 _aGuwahati :
_bSabita Sabha ,
_c1955.
300 _a97p. :
_bill. ;
_c21cm .
653 _aAssamese Biography
653 _aMS-Assamese
653 _aT/G-Biography
942 _2ddc
_cBK
999 _c9676
_d9676